Etica y democracia cristiana en Centro América /

Enregistré dans:
Détails bibliographiques
Auteur principal: Alvergue, Pablo Mauricio
Format: Texte
Tags: Ajouter un tag
Pas de tags, Soyez le premier à ajouter un tag!

MARC

LEADER 00000 a a2200000 04500
001 47845
003
040
100 |a Alvergue, Pablo Mauricio  
245 |a Etica y democracia cristiana en Centro América /  |c Pablo Mauricio Alvergue  
773 |g número22, (abril-setiembre, 1991), páginas 55-61  
999 |c 20632  |d 20632